Verónica Riedel : (Record no. 4581)
[ view plain ]
| 000 -LEADER | |
|---|---|
| campo de control de longitud fija | 01161nam a22002897i 4500 |
| 003 - IDENTIFICADOR DE NÚMERO DE CONTROL | |
| campo de control | OSt |
| 005 - FECHA Y HORA DE LA ÚLTIMA TRANSACCIÓN | |
| campo de control | 20251209131843.0 |
| 008 - DATOS DE LONGITUD FIJA--INFORMACIÓN GENERAL | |
| campo de control de longitud fija | 251209s2024 gt|o|||gd|||| 00| 0 spa d |
| 020 ## - NÚMERO INTERNACIONAL ESTÁNDAR DEL LIBRO | |
| Número Internacional Estándar del Libro | 9789992227244 |
| 040 ## - FUENTE DE CATALOGACIÓN | |
| Lengua de catalogación | spa |
| Centro/agencia transcriptor | LADOV |
| 041 1# - CÓDIGO DE IDIOMA | |
| Código de lengua del texto/banda sonora o título independiente | spa |
| -- | eng |
| 082 04 - NÚMERO DE LA CLASIFICACIÓN DECIMAL DEWEY | |
| Número de clasificación | 709.2 |
| Número de ítem | R549v |
| 100 1# - ENTRADA PRINCIPAL--NOMBRE DE PERSONA | |
| Nombre de persona | Riedel, Verónica |
| Término indicativo de función/relación | autora |
| -- | artista |
| 9 (RLIN) | 1094 |
| 245 10 - MENCIÓN DEL TÍTULO | |
| Título | Verónica Riedel : |
| Resto del título | todos los mundos que están en este = Verónica Riedel : all the worlds that are in this one / |
| Mención de responsabilidad, etc. | textos de Adriana Herrera, Mark Ormond, Ignacia Maldonado, Eduardo Medici, Félix Suazo y Verónica Riedel. |
| 246 11 - FORMA VARIANTE DEL TITULO | |
| Título propio/Titulo breve | Verónica Riedel : |
| Resto del título | all the worlds that are in this one. |
| 260 ## - PUBLICACIÓN, DISTRIBUCIÓN, ETC. | |
| Lugar de publicación, distribución, etc. | [Guatemala] : |
| Nombre del editor, distribuidor, etc. | Arte al día, |
| Fecha de publicación, distribución, etc. | [2024]. |
| 300 ## - DESCRIPCIÓN FÍSICA | |
| Extensión | 295 páginas : |
| Otras características físicas | fotografías a color ; |
| Dimensiones | 31 cm |
| 650 04 - PUNTO DE ACCESO ADICIONAL DE MATERIA--TÉRMINO DE MATERIA | |
| Término de materia o nombre geográfico como elemento de entrada | Arte |
| Subdivisión geográfica | Guatemala |
| 650 04 - PUNTO DE ACCESO ADICIONAL DE MATERIA--TÉRMINO DE MATERIA | |
| Término de materia o nombre geográfico como elemento de entrada | Crítica e interpretación |
| 650 04 - PUNTO DE ACCESO ADICIONAL DE MATERIA--TÉRMINO DE MATERIA | |
| Término de materia o nombre geográfico como elemento de entrada | Crítica |
| Subdivisión de forma | aspectos apreciativos |
| 700 1# - ENTRADA AGREGADA--NOMBRE PERSONAL | |
| Nombre de persona | Herrera, Adriana |
| Término indicativo de función/relación | editora |
| -- | autora |
| 700 1# - ENTRADA AGREGADA--NOMBRE PERSONAL | |
| Nombre de persona | Ormond, Mark |
| Término indicativo de función/relación | autor |
| 700 1# - ENTRADA AGREGADA--NOMBRE PERSONAL | |
| Nombre de persona | Maldonado, Ignacia |
| Término indicativo de función/relación | autora |
| 700 1# - ENTRADA AGREGADA--NOMBRE PERSONAL | |
| Nombre de persona | Medici, Eduardo |
| Término indicativo de función/relación | autor |
| 700 1# - ENTRADA AGREGADA--NOMBRE PERSONAL | |
| Nombre de persona | Suazo, Félix |
| Término indicativo de función/relación | autor |
| -- | editor |
| 942 ## - ELEMENTOS DE ENTRADA SECUNDARIOS (KOHA) | |
| Fuente del sistema de clasificación o colocación | Clasificación Decimal Dewey |
| Tipo de ítem Koha | Libros |
| Parte de la signatura que corresponde a la clasificación (Parte de la clasificación) | 709.2 |
| Parte de la signatura que identifica el ejemplar (Parte del ítem) | R549v |
| Suprimir en OPAC | No |
| Estatus retirado | Estado de pérdida | Fuente del sistema de clasificación o colocación | Estado de daño | No para préstamo | Colección | Biblioteca de origen | Biblioteca actual | Fecha de adquisición | Total de préstamos | Signatura topográfica completa | Código de barras | Visto por última vez | Precio de reemplazo | Tipo de ítem Koha |
|---|---|---|---|---|---|---|---|---|---|---|---|---|---|---|
| Clasificación Decimal Dewey | Libros | Biblioteca LadoV | Biblioteca LadoV | 09/12/2025 | 709.2 R549v | 002676 | 09/12/2025 | 09/12/2025 | Libros |
